Minor Illness or Major Disease? / (Record no. 17249)

MARC details
000 -LEADER
fixed length control field 01149pam a2200325 a 4500
001 - CONTROL NUMBER
control field 016029183
003 - CONTROL NUMBER IDENTIFIER
control field Uk
005 - DATE AND TIME OF LATEST TRANSACTION
control field 20130206143356.0
007 - PHYSICAL DESCRIPTION FIXED FIELD--GENERAL INFORMATION
fixed length control field ta
008 - FIXED-LENGTH DATA ELEMENTS--GENERAL INFORMATION
fixed length control field 110617s2012 enka b 001|0 eng d
020 ## - INTERNATIONAL STANDARD BOOK NUMBER
International Standard Book Number 9780853699613 (pbk.)
082 04 - DEWEY DECIMAL CLASSIFICATION NUMBER
Classification number 616.075024615
Edition number 22
Item number MIN
245 00 - TITLE STATEMENT
Title Minor Illness or Major Disease? /
Statement of responsibility, etc Brian Addison ... [et al.].
250 ## - EDITION STATEMENT
Edition statement 5th ed. /
Remainder of edition statement Brian Addison ... [et al.].
260 ## - PUBLICATION, DISTRIBUTION, ETC. (IMPRINT)
Place of publication, distribution, etc London :
Name of publisher, distributor, etc Pharmaceutical Press,
Date of publication, distribution, etc 2012.
300 ## - PHYSICAL DESCRIPTION
Extent vi, 233 p. :
Other physical details col. ill. ;
Dimensions 25 cm.
500 ## - GENERAL NOTE
General note Previous ed. by Clive Edwards, Paul Stillman. 2006.
504 ## - BIBLIOGRAPHY, ETC. NOTE
Bibliography, etc Includes bibliographical references and index.
650 #0 - SUBJECT ADDED ENTRY--TOPICAL TERM
Topical term or geographic name as entry element Pharmacist and patient.
9 (RLIN) 30128
650 #0 - SUBJECT ADDED ENTRY--TOPICAL TERM
Topical term or geographic name as entry element Pharmacist and patient
Form subdivision Case Studies.
9 (RLIN) 32460
650 #0 - SUBJECT ADDED ENTRY--TOPICAL TERM
Topical term or geographic name as entry element Drugs, Nonprescription
General subdivision Utilization
Form subdivision Case studies.
9 (RLIN) 32461
650 #0 - SUBJECT ADDED ENTRY--TOPICAL TERM
Topical term or geographic name as entry element Pharmaceutical services
Geographic subdivision Great Britain.
9 (RLIN) 32462
650 #0 - SUBJECT ADDED ENTRY--TOPICAL TERM
Topical term or geographic name as entry element Medical history taking.
9 (RLIN) 32463
650 #0 - SUBJECT ADDED ENTRY--TOPICAL TERM
Topical term or geographic name as entry element Diagnosis.
9 (RLIN) 32464
650 #0 - SUBJECT ADDED ENTRY--TOPICAL TERM
Topical term or geographic name as entry element Medical cooperation.
9 (RLIN) 32465
650 #0 - SUBJECT ADDED ENTRY--TOPICAL TERM
Topical term or geographic name as entry element Self-care, Health.
9 (RLIN) 32466
653 ## - INDEX TERM--UNCONTROLLED
Resource For college
Arrived date list February2013
700 1# - ADDED ENTRY--PERSONAL NAME
Personal name Addison, Brian.
9 (RLIN) 32467
942 ## - ADDED ENTRY ELEMENTS (KOHA)
Source of classification or shelving scheme Dewey Decimal Classification
Item type Book - Borrowing
Holdings
Withdrawn status Item status Source of classification or shelving scheme Damaged status Not for loan Vendor Home library Current library Shelving location Date acquired Source of acquisition Cost, normal purchase price Serial Enumeration / chronology Total Checkouts Total Renewals Full call number Barcode Date last seen Date last borrowed Koha item type
    Dewey Decimal Classification       Central Library Central Library First floor 06/02/2013   490.00 139 1 7 616.075024615 MIN 000028019 15/07/2025 14/02/2016 Book - Borrowing